|
|
|
|
| LEADER |
00000nam0a2200000 4500 |
| 001 |
308866 |
| 005 |
20231102002133.0 |
| 035 |
|
|
|a (RuTPU)RU\TPU\book\334187
|
| 090 |
|
|
|a 308866
|
| 100 |
|
|
|a 20151107d1981 km y0rusy50 ca
|
| 101 |
0 |
|
|a rus
|
| 102 |
|
|
|a UZ
|
| 105 |
|
|
|a a z 001zy
|
| 200 |
1 |
|
|a Повышение надежности низкоскоростных каналов передачи данных в АСУ
|f М. Н. Арипов
|g Ташкентский политехнический институт им. А. Б. Беруни (ТашПИ)
|
| 210 |
|
|
|a Ташкент
|c Фан
|d 1981
|
| 215 |
|
|
|a 136 с.
|c ил.
|
| 320 |
|
|
|a Библиогр.: с. 128-134
|
| 606 |
1 |
|
|a Автоматизированные системы управления предприятием
|x Информационное обеспечение
|2 stltpush
|3 (RuTPU)RU\TPU\subj\713
|9 29532
|
| 610 |
1 |
|
|a надежность
|
| 610 |
1 |
|
|a каналы передачи
|
| 610 |
1 |
|
|a данные
|
| 610 |
1 |
|
|a АСУ
|
| 610 |
1 |
|
|a помехоустойчивость
|
| 610 |
1 |
|
|a контроль качества
|
| 610 |
1 |
|
|a алгоритмы распознавания
|
| 610 |
1 |
|
|a пакеты программ
|
| 610 |
1 |
|
|a ошибки
|
| 675 |
|
|
|a 658.012.011.56:681.3.01
|v 4
|
| 700 |
|
1 |
|a Арипов
|b М. Н.
|
| 712 |
0 |
2 |
|a Ташкентский политехнический институт им. А. Б. Беруни (ТашПИ)
|2 stltpush
|3 (RuTPU)RU\TPU\col\6741
|
| 801 |
|
1 |
|a RU
|b 63413507
|c 20151107
|
| 801 |
|
2 |
|a RU
|b 63413507
|c 20191021
|g RCR
|
| 942 |
|
|
|c BK
|